Pays de moins de 100 000 km² ayant participé au moins une fois à une Coupe du Monde de football - Statistiques

Statistiques générales
  • Ce quiz a été pris 251 fois
    150 depuis la dernière actualisation
  • Le résultat moyen est 17 sur 28
Statistiques - réponses
Pays % Correct
Belgique
84%
Suisse
78%
Irlande
76%
Pays-Bas
76%
Costa Rica
73%
Croatie
70%
Panama
68%
Serbie
67%
Corée du Sud
66%
Qatar
66%
Portugal
65%
Slovénie
63%
Ecosse
61%
Slovaquie
61%
Bosnie-Herzégovine
60%
Autriche
59%
Jamaïque
59%
Pays de Galles
58%
Hongrie
55%
Irlande du Nord
53%
Koweït
53%
République Tchèque
52%
Togo
51%
Israël
49%
Salvador
46%
Haïti
43%
Trinité-et-Tobago
40%
Emirats Arabes Unis
30%
Aucun quiz correspondant
Distribution des résultats
% des personnes avec chaque résultat
Percentile par nombre de réponses
Votre historique - résultats
Vous n’avez pas pris ce quiz depuis la dernière actualisation